000 00456nam a2200181Ia 4500
003 GCL
008 140319s9999 xx 000 0 eng d
040 _aGCL /
_cGCL
082 0 4 _a891.7
_bB S
100 1 _aLEE, C.C
245 1 0 _aSELECTIONS FROM BYRON /
_cLEE, C.C
260 _a[S.N] :
_bMC GRAW - HILL ،
_c1996
300 _a818 P
650 0 4 _aDICTIONARIES
650 0 4 _aENVIRONMENTAL LAW - DICTIONARY
650 0 4 _aLEGAL TERMS
942 _2ddc
_cBK
999 _c15895
_d15895